000 00429nam a2200193Ia 4500
005 20250425162459.0
008 250425s9999 xx 000 0 und d
041 _aspa
082 _a620.103
100 _aSAEZ BENITO ESPADA, J M
245 0 _aMOMENTOS DE INERCIA
250 _a1A ED.
260 _aEspaƱa
_bDOSSAT
_c1961
260 _aMADRID
300 _a327
650 _aESTATICA
942 _c01
010 _a76946
999 _c230113
_d230113